Statistics for Music of the 19. Century

Click here to take the quiz!

General Stats

  • This quiz has been taken 17 times
  • The average score is 11 of 15

Answer Stats

QuestionAnswer% Correct
Instrument, which was played by Niccolò PaganiniViolin
100%
Composer of "Peer Gynt"Edvard Grieg
94%
Opera by Richard WagnerParsifal
94%
Country, in which Frederic Chopin was bornPoland
94%
Composer of "The Barber of Seville"Rossini
88%
Which of Beethovens Symphonies contains the famous "Ode to Joy"?9. Symphony
81%
Common name of Dvořáks 9. Symphony"From the New World"
81%
Famous composer, that married the also famous composer Clara WieckRobert Schumann
81%
Dominant style of Music during most parts of the 19. CenturyRomantic
81%
Which ballet was NOT composed by TchaikovskyPerushka
69%
Smetanas "Ma Vlast" is aSymphonic poem
63%
Composer,which was credited with the rediscovery of Johann Sebastian BachFelix Mendelssohn Bartholdy
50%
Musical style of Debussy and RavelImpressionism
50%
Composer, who was called "The Waltz King" and composed "The Blue Danube"Johann Strauß (Son)
50%
Which one was NOT composed by Franz SchubertDes Knaben Wunderhorn
38%

Score Distribution

Percentile by Number Answered

Percent of People with Each Score

Your Score History

You have not taken this quiz